000
00289nam a22001337a 4500
008
181019b xxu||||| |||| 00| 0 eng d
020
_a
9780198556947
041
_a
eng
080
_a
541
100
_a
12
101
_a
kim
245
_a
Chemical Bonding
_c
Winter.M.J
942
_2
udc
_c
BK
999
_c
50234
_d
50234